| 000 | 00460nam a2200169Ia 4500 | ||
|---|---|---|---|
| 008 | 190425s9999 xx 000 0 und d | ||
| 100 | _aCinco, Maricar | ||
| 245 | _aIt's more fun -and profitable- with farm tourism, puyat hopes/ | ||
| 245 | _cMaricar Cinco | ||
| 260 | _bPhilippine Daily Inquirer | ||
| 260 | _c2018 | ||
| 300 | _aSeptember 02 | ||
| 440 | _aPhilippine Daily Inquirer | ||
| 650 | _aagriculture | ||
| 650 | _afarming | ||
| 650 | _atourism | ||
| 999 |
_c361619 _d361619 |
||